header

Woody plants in winter (Record no. 188293)

MARC details
000 -LEADER
fixed length control field 01693nam a2200385 a 4500
082 04 - DEWEY DECIMAL CLASSIFICATION NUMBER
Classification number 582.16/0973
100 1# - MAIN ENTRY--AUTHOR NAME
Personal name Core, Earl Lemley,
245 10 - TITLE STATEMENT
Title Woody plants in winter
260 ## - PUBLICATION, DISTRIBUTION, ETC. (IMPRINT)
Place of publication Morgantown :
Name of publisher West Virginia University Press,
Year of publication [1999?], c1958.
300 ## - PHYSICAL DESCRIPTION
Number of Pages vi, 218 p. :
Other physical details ill.
500 ## - GENERAL NOTE
General note Originally published: Pittsburgh : Boxwood Press, 1958.
650 #0 - SUBJECT ADDED ENTRY--TOPICAL TERM
Topical Term Woody plants
Topical Term Woody plants
Topical Term Plants in winter
Topical Term Plants in winter
700 1# - ADDED ENTRY--PERSONAL NAME
Personal name Ammons, Nelle P.
856 40 - ELECTRONIC LOCATION AND ACCESS
Uniform Resource Identifier http://site.ebrary.com/lib/rucke/Doc?id=10579795

No items available.

© 2026 Rongo University
Contact us: librarian | system librarian | Rongo university